000 00857nas a2200277 4500
001 BR9606868
003 BR-BrBNA
005 20231205095914.0
007 ta
008 230509b bl.|||p| |||| 00| 00por d
040 _aBR-BrBNA
_bpor
_cBiblioteca Nacional de Agricultura
041 _a(Pt)
072 _aL72
100 1 _aRodrigues, M. de L.A.
100 1 _aBittencourt, V.R.E.P.
100 1 _aAnjos, D.H. da S.
100 1 _aCastro, A.A. de
245 1 _aEfeito do fungo Metarhizium anisopliae sobre estadios pre-parasiticos de cyathostominae (Nematoda: Strongylidae)
650 _aCavalo
650 _aNematoide
650 _aControle Biologico
650 _aFungo
773 0 _tCiencia Rural (Brazil)
_xISSN 0103-8478
_g(May-Aug 1996), v. 26(2) p. 301-303
_wBR9606868
909 _a202311
_bLúcia
_c55
_dLúcia Elande
942 _2AGRIS
_n0
_cANA
999 _c153386
_d153386